000 00869nam a2200241 i 4500
003 IT-RoINE
005 20221201135036.0
008 990914s1999 sp ab |r o001|||cat|d
020 _a8460628809
040 _aSpMaBN
_cSpMaBN IT-RoINE
_dIT-RoINE
100 1 _aMarquès, Josep M.,
_d1939-2007
_95404
245 1 0 _aMassos de Fornells /
_cJosep M. Marquès ; amb la col·laboració de Xavier Martínez i Lluís Planagumà ; fotografies de Xavier Espígol.
260 _aFornells de la Selva :
_bAjuntament de Fornells de la Selva,
_c1999.
300 _a239 p. :
_bil. ;
_c24 cm.
336 _2rdacontent
_atext
337 _2rdamedia
_aunmediated
338 _2rdacarrier
_avolume
500 _aIncluye índice.
650 4 _aMasías
_zEspaña
_zFornells de la Selva
_946899
700 1 _aMartínez, Xavier
_946900
700 1 _aPlanagumà, Lluís
_946901
942 _cMTS
999 _c23691
_d23691